| 000 | 00669cam a22002171 4500 | ||
|---|---|---|---|
| 003 | BD-RjUL | ||
| 005 | 20241207114153.0 | ||
| 008 | 791005s1962 nyu 000 1 eng | ||
| 035 | _a(BD-RjUL) | ||
| 040 |
_aDLC _cDLC _dDLC _beng |
||
| 041 | _aeng | ||
| 082 |
_a823.08 _bCOS 1962 |
||
| 100 | 1 |
_aCostain, Thomas B. _q(Thomas Bertram), _d1885-1965, _eed. _914601 |
|
| 245 | 1 | 0 |
_a30 stories to remember. _cSelected by Thomas B. Costain and John Beecroft. |
| 250 | _a[1st ed.] | ||
| 260 |
_aGarden City, N.Y., _bDoubleday, _c1962. |
||
| 300 |
_a884 p. _c22 cm. |
||
| 650 | 0 |
_aFiction _xCollections. _914602 |
|
| 700 | 1 |
_aBeecroft, John, _ejoint ed. _914603 |
|
| 942 |
_2ddc _cBK |
||
| 999 |
_c84471 _d84471 |
||